| 000 | 02919nam a22001577a 4500 | ||
|---|---|---|---|
| 041 | _aukr | ||
| 080 | _a09 | ||
| 090 | _bЦУР | ||
| 100 | _aЦуркова І.В. | ||
| 245 | _aФеміністичні та гендерні особливості на прикладі журналу "National Geographic" | ||
| 260 |
_aОстрог _bКАФ _c2009 |
||
| 300 | _a57 | ||
| 520 |
_aВСТУП
РОЗДІЛ 1 ТЕОРЕТИЧНИЙ ОГЛЯД ФЕМІНІЗМУ ТА ЙОГО ОСНОВНИХ ТЕЧІЙ
1.1 Фемінізм та поняття про його перші хвилі.
1.2 Феміністичні різновиди течій.
1.2.1 "Феміністична теорія".
1.2.2 "Фемінізм Третього Світу".
1.2.3 Пост-фемінізм.
1.2.4 Пост-колоніальний фемінізм.
1.2.5 Чорний фемінізм.
1.2.6 Соціалістичний та марксистський фемінізм.
1.2.7 Мультирасовий фемінізм.
1.2.8 Соціалістичний та марксистський фемінізм.
1.2.9 Ліберальний фемінізм.
1.2.10 Фемінізм свободи волі.
1.2.11 Пост-структурний фемінізм.
1.2.12 Французький фемінізм.
1.2.13 Пост-модерний фемінізм.
1.2.14 Екофемінізм.
1.3 Фемінізм та релігія.
1.4 Фемінізм та культура.
1.5 Фемінізм у питаннях інтимності.
1.6 Фемінізм та політика.
1.7 Фемінізм та чоловік.
1.8 Феміністична географія.
РОЗДІЛ 2 ТЕОРЕТИЧНА ХАРАКТЕРИСТИКА ГЕНДЕРУ ТА ЙОГО ЗВЯЗОК ІЗ ФЕМІНІЗМОМ
2.1 Загальні теоретичні відомості стосовно гендерних досліджень.
2.2 Розвиток концепції гендеру.
2.3 Гендерні відмінності та характеристика теорій гендерних відмінностей.
2.4 Гендерні стереотипи.
РОЗДІЛ 3 ПРАКТИЧНА СТОРОНА ФЕМІНІСТИЧНИХ ТА ГНДЕРНИХ ОСОБЛИВОСТЕЙ
3.1 Вираження феміністичних особливостей у мовленні загалом та на прикладі статті "Murdering The Impossible" журналу "National Geographic".
3.2 Гендерні особливості у мовленні на прикладі статтей "Desperate Measure" та "Family Ties" журналу "National Geographic".
3.3 Статистичне розрахування вживання гендерно-маркованих слів у статті "Mending Broken Hearts".
ВИСНОВКИ _0фемінізм, гендер |
||
| 650 | _aResearch Papers | ||
| 999 |
_c284149 _d284149 |
||
| 942 | _cBK | ||